Alles mit B - Geografie - Statistiken

Allgemein
  • Dieses Quiz wurde 360 mal gespielt
  • Das Durchschnittsergebnis liegt bei 32 aus 60
Antwortstatistiken
Antwort % Korrekt
Berlin
97%
Berlin
97%
Belgien
95%
Brasilien
85%
Bahrain
81%
Benin
81%
Bahamas
80%
Bangladesch
80%
Bolivien
80%
Brunei
80%
Bulgarien
79%
Bhutan
78%
Belize
77%
Burundi
76%
Barbados
75%
Bosnien und Herzegowina
75%
Bodensee
74%
Botswana
74%
Brüssel
72%
Burkina Faso
71%
Belarus
70%
Bern
67%
Bonn
67%
Bochum
66%
Bremen
66%
Budapest
63%
Brasilia
61%
Bukarest
60%
Bogota
57%
Bielefeld
56%
Brocken
55%
Bagdad
53%
Belgrad
53%
Bangkok
52%
Baikalsee
50%
Braunschweig
50%
Bratislava
48%
Bremerhaven
47%
Buenos Aires
47%
Beringsee
45%
Baku
43%
Beirut
42%
Bottrop
41%
Bischkek
37%
Belmopan
34%
Balaton
31%
Bamako
30%
Bergisch Gladbach
29%
Brazzaville
28%
Bridgetown
28%
Bandar Seri Begawan
27%
Banjul
23%
Bissau
23%
Bangui
22%
Basseterre
19%
Ben Nevis
17%
Barentsee
16%
Brahmaputra
14%
Blaue Nil
3%
Broad Peak
3%
Keine übereinstimmenden Quizze gefunden
Verteilung der Resultate
Anzahl Personen mit jedem Resultat
Perzentil nach korrekt beantworteten Fragen
Ihre Resultats-Entwicklung
Sie haben dieses Quiz noch nicht gespielt